Roman Law and the Idea of Europe (Record no. 96326)
[ view plain ]
| 000 -LEADER | |
|---|---|
| fixed length control field | 01758nam a2200229Ii 4500 |
| 008 - FIXED-LENGTH DATA ELEMENTS--GENERAL INFORMATION | |
| fixed length control field | 221202s xx 000 0 und d |
| 245 #0 - TITLE STATEMENT | |
| Title | Roman Law and the Idea of Europe |
| 264 #1 - PRODUCTION, PUBLICATION, DISTRIBUTION, MANUFACTURE, AND COPYRIGHT NOTICE | |
| Place of production, publication, distribution, manufacture | London |
| Name of producer, publisher, distributor, manufacturer | Bloomsbury Academic |
| Date of production, publication, distribution, manufacture, or copyright notice | 2019 |
| 300 ## - PHYSICAL DESCRIPTION | |
| Extent | 1 online resource (304 pages) |
| 336 ## - CONTENT TYPE | |
| Content type term | text |
| Content type code | txt |
| Source | rdacontent |
| 337 ## - MEDIA TYPE | |
| Media type term | computer |
| Media type code | c |
| Source | rdamedia |
| 338 ## - CARRIER TYPE | |
| Carrier type term | online resource |
| Carrier type code | cr |
| Source | rdacarrier |
| 490 ## - SERIES STATEMENT | |
| Series statement | Europe's Legacy in the Modern World |
| 520 ## - SUMMARY, ETC. | |
| Summary, etc. | Roman law is widely considered to be the foundation of European legal culture and an inherent source of unity within European law. Roman Law and the Idea of Europe explores the emergence of this idea of Roman law as an idealized shared heritage, tracing its origins among exiled German scholars in Britain during the Nazi regime. The book follows the spread and influence of these ideas in Europe after the war as part of the larger enthusiasm for European unity. It argues that the rise of the importance of Roman law was a reaction against the crisis of jurisprudence in the face of Nazi ideas of racial and ultranationalistic law, leading to the establishment of the idea of Europe founded on shared legal principles. With contributions from leading academics in the field as well as established younger scholars, this volume will be of immense interests to anyone studying intellectual history, legal history, political history and Roman law in the context of Europe. |
| 653 ## - INDEX TERM--UNCONTROLLED | |
| Uncontrolled term | Europe |
| 653 ## - INDEX TERM--UNCONTROLLED | |
| Uncontrolled term | Legal Culture |
| 653 ## - INDEX TERM--UNCONTROLLED | |
| Uncontrolled term | Roman Law |
| 700 1# - ADDED ENTRY--PERSONAL NAME | |
| Personal name | Björklund, Heta |
| 700 1# - ADDED ENTRY--PERSONAL NAME | |
| Personal name | Tuori, Kaius |
| 856 ## - ELECTRONIC LOCATION AND ACCESS | |
| Uniform Resource Identifier | <a href="https://docs.google.com/spreadsheets/d/1yKIrdCPDAG_9c22mwoOIO2DOhtj65Wqa/edit?usp=sharing&ouid=106555315294820607512&rtpof=true&sd=true ">https://docs.google.com/spreadsheets/d/1yKIrdCPDAG_9c22mwoOIO2DOhtj65Wqa/edit?usp=sharing&ouid=106555315294820607512&rtpof=true&sd=true </a> |
| Link text | List of Curated E-Books |
| 942 ## - ADDED ENTRY ELEMENTS (KOHA) | |
| Koha item type | E-Book |
No items available.